Taxation of foreign investment income ; an economic analysis.

Bibliographic Details
Main Author: Musgrave, Peggy B.
Format: Book
Language:English
Published: Baltimore : Johns Hopkins Press, [1963]
Subjects:

MARC

Tag First Indicator Second Indicator Subfields
LEADER 00000cam a2200000 4500
001 in00000066965
005 20151008051257.0
008 720301s1963 mdu b 00000 eng u
010 |a  63019552  
035 |a (OCoLC)00253520 
035 |9 AAG6920AM 
040 |c WSU  |d TXA  |d UtOrBLW 
049 |a TXAM  |c [400665] 
050 0 |a HJ4653.C7  |b R5 
092 |a 336.294  |b R532t 
100 1 |a Musgrave, Peggy B. 
245 1 0 |a Taxation of foreign investment income ;  |b an economic analysis. 
264 1 |a Baltimore :  |b Johns Hopkins Press,  |c [1963] 
300 |a 140 pages 
336 |a text  |b txt  |2 rdacontent 
337 |a unmediated  |b n  |2 rdamedia 
338 |a volume  |b nc  |2 rdacarrier 
504 |a Bibliography: pages 131-135. 
650 0 |a Investments, American  |x Taxation. 
650 0 |a Corporations, American  |x Taxation. 
999 |a MARS 
999 f f |s 3857821e-33c2-3f08-9fd2-f6fb91a22ef8  |i 14217d8f-45de-301b-8c57-c23ec3edd082  |t 0 
952 f f |p ric  |a Texas A&M University  |b Rellis Campus  |c Joint Library Facility  |d Remote Storage  |t 0  |e HJ4653.C7 R5  |h Library of Congress classification  |i unmediated -- volume  |m A14800750474 
998 f f |a HJ4653.C7 R5  |t 0  |l Remote Storage